| 000 | 00523nam a2200181 4500 | ||
|---|---|---|---|
| 003 | LK-CoMWRAF | ||
| 005 | 20230910073201.0 | ||
| 008 | 230910b1990 |||||||| |||| 00| 0 eng d | ||
| 040 |
_aLK-CoMWRAF _dLK-CoMWRAF _eLK-CoMWRAF |
||
| 041 | _aeng | ||
| 082 |
_a305.89 _bCHA |
||
| 245 |
_aChallenge for change : _bProfile of a community |
||
| 260 |
_aColombo : _bMuslim women’s research and action forum, _c1990 |
||
| 300 | _a213 p. ; 22 cm. | ||
| 650 | _aMuslims-Sri Lanka | ||
| 650 | _aMuslim women-Sri Lanka | ||
| 942 | _cBK | ||
| 999 |
_c3529 _d3529 |
||